| 000 | 00429nam a2200169Ia 4500 | ||
|---|---|---|---|
| 008 | 230711s9999||||xx |||||||||||||| ||und|| | ||
| 041 | _aENG | ||
| 082 |
_a4 _bKA-N |
||
| 100 | _aKaufman,Charlie | ||
| 245 | 0 | _aNetworks security : private communication in public world | |
| 250 | _a2nd . Ed. | ||
| 260 |
_c2006 _aNew Delhi _bPearson |
||
| 300 | _a729 | ||
| 650 | _aComputer Engineering | ||
| 700 | _aPerlman,Radia | ||
| 942 | _cBK | ||
| 999 |
_c4610 _d4610 |
||